00428nam a2200121Ia 4500008004100000100002000041245003800061245002000099260003200119300000800151952013000159999001700289130524s9999 xx 000 0 und d a"Hart, Carl l." a"Drugs, society & human behavior" c"Ksir, Charles" bMcGraw Hillcc.2011aU.S.A. a473 00102lcc4070aPACbPACcGENd2014-03-13l34m23oRM316.R39 2008 pTXT5478r2026-01-30 13:21:22s2026-01-14w2014-03-13yBK c25313d25313